Państwa leżące na równiku - Statystyki

Ogólne statystyki
  • Ten quiz został rozwiązany 17 razy
  • Średni wynik to 9 z 13
Statystyki odpowiedzi
Odpowiedź % Poprawnych
7 Demokratyczna Republika Konga
100%
12 Indonezja
100%
3 Brazylia
94%
9 Kenia
94%
1 Ekwador
81%
8 Uganda
81%
2 Kolumbia
69%
10 Somalia
63%
5 Gabon
56%
13 Kiribati
50%
11 Malediwy
44%
4 Wyspy Świętego Tomasza i Książęca
31%
6 Republika Konga
6%
Nie znaleziono quizów pasujących do podanych kryteriów
Rozkład punktacji
Procent ludzi z każdym wynikiem
Percentyl według liczby udzielonych odpowiedzi
Twoja historia wyników
Nie rozwiązałeś tego quizu